“猪脚饭”地点数量≥500的地级行政区 Prefectures with ≥500 "Pig Trotter Rice" sites - Statistics

General Stats
  • This quiz has been taken 10 times
  • The average score is 19 of 23
Answer Stats
地级行政区 数量 % Correct
深圳 3747
100%
东莞 3589
100%
广州 3329
100%
佛山 1630
100%
惠州 1540
100%
汕头 1134
100%
中山 898
100%
揭阳 828
100%
成都 1568
90%
重庆 1396
90%
上海 897
90%
杭州 800
90%
武汉 766
90%
南宁 571
90%
长沙 535
90%
泉州 716
80%
厦门 683
70%
苏州 536
70%
南昌 523
70%
赣州 540
60%
宁波 576
50%
昆明 501
50%
金华 766
20%
No matching quizzes found
Score Distribution
Percent of People with Each Score
Percentile by Number Answered
Your Score History
You have not taken this quiz